5HLuxD.jpg

KING HENRY VIII SENIOR AND PRIMARY SCHOOL LIBRARY OPAC

Daisy Jones & the Six / (Record no. 997)

000 -LEADER
fixed length control field 00968nam a22003378i 4500
001 - CONTROL NUMBER
control field 021846569
003 - CONTROL NUMBER IDENTIFIER
control field UkOxU
005 - DATE AND TIME OF LATEST TRANSACTION
control field 20200311162334.0
008 - FIXED-LENGTH DATA ELEMENTS--GENERAL INFORMATION
fixed length control field 190918r20202018enk 000|f|eng|d
015 ## - NATIONAL BIBLIOGRAPHY NUMBER
National bibliography number GBB9I1026
Source bnb
016 7# - NATIONAL BIBLIOGRAPHIC AGENCY CONTROL NUMBER
Record control number 019601549
Source Uk
020 ## - INTERNATIONAL STANDARD BOOK NUMBER
International Standard Book Number 9781787462144 (pbk.) :
035 ## - SYSTEM CONTROL NUMBER
System control number (Uk)019601549
035 ## - SYSTEM CONTROL NUMBER
System control number (StEdALDL)1/3879578
040 ## - CATALOGING SOURCE
Original cataloging agency StDuBDS
Language of cataloging eng
Description conventions rda
Transcribing agency StDuBDS
049 ## - LOCAL HOLDINGS (OCLC)
Holding library CROBAR
082 04 - DEWEY DECIMAL CLASSIFICATION NUMBER
Classification number FIC REI
Edition number 23
100 1# - MAIN ENTRY--PERSONAL NAME
Personal name Reid, Taylor Jenkins,
Relator term author.
245 10 - TITLE STATEMENT
Title Daisy Jones & the Six /
Statement of responsibility, etc. Taylor Jenkins Reid.
263 ## - PROJECTED PUBLICATION DATE
Projected publication date 202001
264 #1 - PRODUCTION, PUBLICATION, DISTRIBUTION, MANUFACTURE, AND COPYRIGHT NOTICE
Place of production, publication, distribution, manufacture London :
Name of producer, publisher, distributor, manufacturer Arrow Books,
Date of production, publication, distribution, manufacture, or copyright notice 2020.
300 ## - PHYSICAL DESCRIPTION
Extent 1 volume ;
Dimensions 20 cm
336 ## - CONTENT TYPE
Content type term text
Source rdacontent
337 ## - MEDIA TYPE
Media type term unmediated
Source rdamedia
338 ## - CARRIER TYPE
Carrier type term volume
Source rdacarrier
500 ## - GENERAL NOTE
General note Originally published: London: Hutchinson, 2018.
650 ## - SUBJECT ADDED ENTRY--TOPICAL TERM
Topical term or geographic name entry element Bands (Music)
Form subdivision Fiction.
650 ## - SUBJECT ADDED ENTRY--TOPICAL TERM
Topical term or geographic name entry element Life change events
Form subdivision Fiction.
942 ## - ADDED ENTRY ELEMENTS (KOHA)
Source of classification or shelving scheme
Koha item type Books - Fiction
Holdings
Withdrawn status Lost status Source of classification or shelving scheme Damaged status Not for loan Collection code Permanent Location Current Location Shelving location Date acquired Total Checkouts Full call number Barcode Date last seen Date last checked out Copy number Price effective from Koha item type
          Fiction KH8 Senior School Library KH8 Senior School Library Young Adult 2020-03-11 3 FIC REI 3KHSL000101740 2024-10-09 2024-10-02 1 2020-03-11 Books - Fiction
          Fiction KH8 Senior School Library KH8 Senior School Library Young Adult 2022-08-05   FIC REI 3KHSL000101910 2024-07-23   2 2022-08-05 Books - Fiction

Powered By KH8 IT Dept